'Greatest American Hero' Theme Song Quiz Stats

 Plays Quiz Updated Mar 30, 2015

Also try: Cheers Theme
Challenge
Share
Tweet
Embed
Score 0/137 Timer 05:00
2 Plays Today
% Correct
I
98%
I
98%
I
98%
I
98%
I
98%
I
98%
a
97%
a
97%
a
97%
a
97%
a
97%
it
93.6%
It
93.6%
it
93.6%
it
93.6%
it
93.6%
it
93.6%
it
93.6%
it
93.6%
it
93.6%
it
93.6%
it
93.6%
be?
93.2%
be?
93.2%
be?
93.2%
on
90.7%
on
90.7%
on
90.7%
on
90.7%
on
90.7%
me.
90.4%
me.
90.4%
me
90.4%
me.
90.4%
me.
90.4%
me
90.2%
not,
89.3%
not,
89.3%
not,
89.3%
not,
89.3%
not,
89.3%
or
88.9%
or
88.9%
or
88.9%
or
88.9%
or
88.9%
% Correct
believe
87.9%
Believe
87.9%
Believe
87.9%
Believe
87.9%
Believe
87.9%
Believe
87.9%
could
87.3%
could
87.3%
could
87.3%
could
87.3%
could
87.3%
I'm
86.6%
I'm
86.6%
I'm
86.6%
it's
83.7%
it's
83.7%
it's
83.7%
air.
83.5%
air.
83.5%
just
83.3%
just
83.3%
just
83.3%
who
83.2%
who
83.2%
Who
83.2%
Just
82.9%
and
82.3%
and
82.3%
so
82.3%
so
82.3%
walking
81.8%
walking
81.8%
the
80.6%
never
77.5%
never
77.5%
the
77.1%
the
77.1%
the
77.1%
thought
76.3%
thought
76.3%
free.
74.3%
free.
74.3%
prayer,
72.5%
prayer,
72.5%
to
72.5%
wing
72.3%
% Correct
wing
72.3%
Flying
70%
Flying
70%
feel
69.5%
feel
69.5%
can't
61.8%
of
61.3%
of
61.3%
of
61.3%
of
61.3%
of
61.3%
away
60.7%
away
60.7%
at
54.5%
my
53.3%
world.
52.2%
Look
50.9%
top
50.5%
in,
46.8%
up
46.6%
happened
45.6%
myself.
42.5%
what's
42.3%
been
40.9%
Suddenly
38.4%
else.
37.7%
somebody
37.2%
was
35%
day,
31.2%
like
31.1%
all
30.7%
from
30.4%
out
30.2%
out
30.2%
should've
29.5%
true.
27.5%
new
26.4%
blue,
25.8%
come
25.2%
wishes
20.9%
hit
20.5%
light
19.9%
making
19.8%
spell
18%
breaking
15.4%

You're not logged in!

Compare scores with friends on all Sporcle quizzes.
OR
Log In

You Might Also Like...

Show Comments

Extras

Top Quizzes Today


Score Distribution

Your Account Isn't Verified!

In order to create a playlist on Sporcle, you need to verify the email address you used during registration. Go to your Sporcle Settings to finish the process.

Report this User

Report this user for behavior that violates our Community Guidelines.

Details: